Marketing strategy and competitive positioning / (Record no. 3478)

000 -LEADER
fixed length control field 01340cam a2200361 a 4500
001 - CONTROL NUMBER
control field 15033660
003 - CONTROL NUMBER IDENTIFIER
control field OSt
005 - DATE AND TIME OF LATEST TRANSACTION
control field 20161011092607.0
008 - FIXED-LENGTH DATA ELEMENTS--GENERAL INFORMATION
fixed length control field 071004s2008 enka b 001 0 eng
010 ## - LIBRARY OF CONGRESS CONTROL NUMBER
LC control number 2007041193
020 ## - INTERNATIONAL STANDARD BOOK NUMBER
International Standard Book Number 9780273706977 (pbk. : alk. paper)
020 ## - INTERNATIONAL STANDARD BOOK NUMBER
International Standard Book Number 0273706977 (pbk. : alk. paper)
035 ## - SYSTEM CONTROL NUMBER
System control number (OCoLC)156831246
035 ## - SYSTEM CONTROL NUMBER
System control number (OCoLC)ocn156831246
035 ## - SYSTEM CONTROL NUMBER
System control number (OCoLC)ocn156831246
040 ## - CATALOGING SOURCE
Original cataloging agency DLC
Transcribing agency DLC
Modifying agency BTCTA
-- BAKER
-- YDXCP
-- BWKUK
-- BWK
-- DLC
050 00 - LIBRARY OF CONGRESS CALL NUMBER
Classification number HF5415.127.H66 2008
082 00 - DEWEY DECIMAL CLASSIFICATION NUMBER
Classification number 658.8/02
Edition number 22
100 1# - MAIN ENTRY--PERSONAL NAME
Personal name Hooley, Graham J.
245 10 - TITLE STATEMENT
Title Marketing strategy and competitive positioning /
Statement of responsibility, etc Graham J. Hooley, Nigel F. Piercy, Brigitte Nicoulaud.
250 ## - EDITION STATEMENT
Edition statement 4th ed.
260 ## - PUBLICATION, DISTRIBUTION, ETC. (IMPRINT)
Place of publication, distribution, etc Harlow, England ;
-- New York :
Name of publisher, distributor, etc FT Prentice Hall,
Date of publication, distribution, etc 2008.
300 ## - PHYSICAL DESCRIPTION
Extent xviii, 614 p. :
Other physical details ill. ;
Dimensions 25 cm.
504 ## - BIBLIOGRAPHY, ETC. NOTE
Bibliography, etc Includes bibliographical references (p. 572-598) and index.
650 #0 - SUBJECT ADDED ENTRY--TOPICAL TERM
Topical term or geographic name as entry element Target marketing.
650 #0 - SUBJECT ADDED ENTRY--TOPICAL TERM
Topical term or geographic name as entry element Marketing
General subdivision Management.
700 1# - ADDED ENTRY--PERSONAL NAME
Personal name Piercy, Nigel.
700 1# - ADDED ENTRY--PERSONAL NAME
Personal name Nicoulaud, Brigitte.
856 41 - ELECTRONIC LOCATION AND ACCESS
Materials specified Table of contents only
Uniform Resource Identifier <a href="http://www.loc.gov/catdir/toc/ecip081/2007041193.html">http://www.loc.gov/catdir/toc/ecip081/2007041193.html</a>
906 ## - LOCAL DATA ELEMENT F, LDF (RLIN)
a 7
b cbc
c orignew
d 1
e ecip
f 20
g y-gencatlg
942 ## - ADDED ENTRY ELEMENTS (KOHA)
Source of classification or shelving scheme
Koha item type Book
Holdings
Withdrawn status Lost status Source of classification or shelving scheme Damaged status Not for loan Home library Current library Shelving location Date acquired Total Checkouts Full call number Barcode Checked out Date last seen Date checked out Copy number Price effective from Koha item type
          Riara University Library Riara University Library General stack 11/10/2016 2 HF5415.127.H66 2008 8647/16 23/05/2022 06/05/2022 06/05/2022 C.1 11/10/2016 Book

Riara University Library,
P.O. Box 49940-00100,
Nairobi, Kenya.